000 01106nam a2200205 a 4500
008 110907s1998 ||||||||||||||||| || u
020 _a0397584601
050 _aRC 454 Cli
100 _aStoudemire, Alan
245 1 0 _aClinical psychiatry for medical students.-- 3rd ed.
_cedited by Alan Stoudemire
250 _a3rd ed.
260 _aPhiladelphia, PA
_bLippincott - Raven
_c1998
300 _axxix, 941p.: ill.
350 _a0.00
650 _aPSYCHIATRY--DIFFERENTIAL THERAPEUTICS
650 3 _aMENTAL DISORDERS
995 _aMICHAEL CHILUFYA SATA OPEN ACCESS
_D0.00
_e900548
_FCBU-SCHOOL OF MEDICINE LIBRARY (Ndola)
_H1
_I0.00
_jRC 454 CLI
_M2
_UAVAILABLE
_WOct 18, 2011
_y900548
_ZMedical Library Open Access Collection
995 _aMEDICAL LIBRARY OPEN ACCESS
_D0.00
_e900549
_FCBU-SCHOOL OF MEDICINE LIBRARY (Ndola)
_H1
_I0.00
_jRC 454 CLI
_M3
_UAVAILABLE
_WOct 18, 2011
_y900549
_ZMedical Library Open Access Collection
995 _aMEDICAL LIBRARY OPEN ACCESS
_D0.00
_e900547
_FCBU-SCHOOL OF MEDICINE LIBRARY (Ndola)
_H1
_I0.00
_jRC 454 CLI
_M1
_UAVAILABLE
_WOct 18, 2011
_y900547
_ZMedical Library Open Access Collection
999 _c64005
_d64005